Find the U.S presidents by Pictures - Statistics

General Stats
  • This quiz has been taken 74 times
  • The average score is 8 of 8
Answer Stats
Picture Answer % Correct
Barack Obama
100%
Donald Trump
100%
Joe Biden
100%
George Washington
97%
George W. Bush
97%
Bill Clinton
92%
Ronald Reagan
88%
John Adams
84%
No matching quizzes found
Score Distribution
Percent of People with Each Score
Percentile by Number Answered
Your Score History
You have not taken this quiz